000 00488nam a2200181Ia 4500
005 20260429112126.0
008 260429s9999||||xx |||||||||||||| ||und||
020 _a9789348066749
041 _aEnglish
082 _a907.2
_bSUR
100 _aSurpurkar, Hayyalappa
245 0 _aHistoriography :
_bpast and present /
_cHayyalappa Surpurkar
250 _a1st ed.
260 _aAgra :
_bCurrent Publications,
_c2024.
300 _a264 p.; hb
650 _aHistoriography
942 _cTB
999 _c52480
_d52480